| 000 -LEADER |
| fixed length control field |
00362nam a2200133Ia 4500 |
| 008 - FIXED-LENGTH DATA ELEMENTS--GENERAL INFORMATION |
| fixed length control field |
260210s9999 xx 000 0 und d |
| 020 ## - INTERNATIONAL STANDARD BOOK NUMBER |
| International Standard Book Number |
9780727758392 |
| 082 ## - DEWEY DECIMAL CLASSIFICATION NUMBER |
| Classification number |
690.538 |
| 100 ## - MAIN ENTRY--PERSONAL NAME |
| Personal name |
Whapples |
| 245 #0 - TITLE STATEMENT |
| Title |
Recommendations For The Inspection, Maintenance And Management Of Car Park Structures, |
| 250 ## - EDITION STATEMENT |
| Edition statement |
2Nd Ed. |
| 260 ## - PUBLICATION, DISTRIBUTION, ETC. (IMPRINT) |
| Name of publisher, distributor, etc |
TTL |
| 942 ## - ADDED ENTRY ELEMENTS (KOHA) |
| Item type |
B.PLAN |
| Source of classification or shelving scheme |
|